Представление документа в формате MARC21

Поле Инд. ПП Название Значение
Тип записи a
Библиографический уровень b
001 Контрольный номер RU/IS/BASE/148578260
005 Дата корректировки 20200630193216.4
084 a Индекс другой классификации/Индекс ББК 60.561.9; 74.484
100 1_ a Автор Ушакова М. В.
245 a Заглавие Образование в трансформирующемся обществе
504 a Библиография Библиогр. ссылки
650 a Основная рубрика высшее образование
a Основная рубрика образование
a Основная рубрика профессиональное образование
a Основная рубрика социология
a Основная рубрика социология образования
653 a Ключевые слова модернизация образования
a Ключевые слова модернизация общества
a Ключевые слова образовательная парадигма
a Ключевые слова развитие образования
a Ключевые слова система высшего образования
a Ключевые слова элитное образование
773 t Заглавие источника Вестник Московского университета. Серия 18, Социология и политология
d Дата издания источника 2002
g Прочая информация № 4. - С. 147 - 158
w Контрольный № источника RU/IS/BASE/148578004
901 t Тип документа b